000 00801nam a22002177a 4500
999 _c7678
_d7678
003 AR-CdUCM
008 190321b ||||| |||| 00| 0 spa d
040 _aMUNICIPALIDAD PROVINCIAL DEL CUSCO
_cBIBLIOTECA MUNICIPAL DEL CUSCO
082 _a575.1 /
_bH17
100 _aHalacy, Jr. D. S.
_921679
245 _aLa revolución de la genética /
260 _aMéxico :
_bNuevomar,
_c1977.
300 _a159 paginas ;
_c21 cm.
505 _aContenido :Tras las huellas del gen -- Genética: La biología del desarrollo -- Origen y cambios -- Naturaleza y educación -- Genética de población ...
650 _aGenética humana
_99872
650 _aGenética médica
_99873
650 _aADN
_921680
700 _a|Leal Marchena, Silvia Nora (traductora)
_921681
942 _2ddc
_cLIBROS
945 _arum